Catàleg de la col·lecció Maria Regordosa de Torres Reina, exhibida per Amics dels Museus de Catalunya al Museu de les Arts Decoratives del 2 al 30 de juny del 1935
Descripción Física:
48 p., 10 f. de làm. : il. ; 21 cm
MARC
| LEADER | 00000nam a2200000Ia 4500 | ||
|---|---|---|---|
| 001 | 13888 | ||
| 003 | BGR | ||
| 005 | 20260324175317.0 | ||
| 008 | 160829s9999 xx 000 0 cat d | ||
| 080 | |a B-1-416 | ||
| 245 | |a Catàleg de la col·lecció Maria Regordosa de Torres Reina, exhibida per Amics dels Museus de Catalunya al Museu de les Arts Decoratives del 2 al 30 de juny del 1935 | ||
| 260 | |a Barcelona : |b Junta de Museus, [1935] | ||
| 300 | |a 48 p., 10 f. de làm. : |b il. ; |c 21 cm | ||
| 590 | |a Catàleg de l'exposició | ||
| 650 | |a Regordosa de Torres Reina, Maria |9 26153 | ||
| 650 | |a Objectes d'art |x Exposicions |9 47781 | ||
| 650 | 0 | |a Museu de les Arts Decoratives (Barcelona) |9 33677 | |
| 710 | 2 | |a Junta de Museus de Barcelona |9 54561 | |
| 710 | 2 | |a Amics dels Museus de Catalunya |9 70305 | |
| 901 | |a Arxiu | ||
| 942 | |n 1 |2 udc |c MON | ||
| 952 | |0 0 |1 0 |4 0 |6 B1416 |7 1 |9 43900 |a Arxiu |b Arxiu |d 2016-12-01 |l 0 |o B-1-416 |p 13888 |r 2016-12-01 00:00:00 |w 2016-12-01 |y ARXIU | ||
| 999 | |c 46480 |d 46480 | ||